000 00410pab a2200157 454500
008 180718b2004 xxu||||| |||| 00| 0 eng d
100 _aSwatantra Prakash
245 _aIPR in market savvy technology
260 _c2004
300 _ap.226-35.
362 _aApr-Jun
650 _aIntellectual property
700 _aMehrotra, Surya Pratap
773 _aJournal of the Indian Law Institute
909 _a62413
999 _c62413
_d62413